02185nam a2200277 4500001000800000005001700008007000300025008004100028040000800069041000800077100004500085245010100130246009300231300002000324520059900344520061000943650003001553650002601583650003601609650002801645650003101673650002901704773012601733942003101859999001701890ESSALUD20260701112933.0ta t pe ||||| |||| 00| 0 spa d aBMG aspa aPineda Aubián, Martín eAutor953040 aLa carga de la prueba en el pago por error. Un análisis del artículo 1273 del Código Civil aThe burden of proof in payment by mistake. An analysis of article 1273 of the Civil Code apáginas 17-22 aEl autor analiza el régimen probatorio del pago por error bajo los alcances del artículo 1273 del Código Civil peruano. Así, comenta la importancia sustantiva y procesal de esta norma, examinando la regla general que atribuye la carga de la prueba al demandante y los supuestos excepcionales de inversión de dicha carga. Igualmente, estudia las situaciones en las que el demandado debe justificar la retención del pago para desvirtuar la pretensión de restitución, ofreciendo una visión integral sobre la dinámica probatoria en las controversias de enriquecimiento indebido. aThe author analyzes the evidentiary regime of payment by mistake under the scope of Article 1273 of the Peruvian Civil Code. The study discusses the substantive and procedural significance of this provision, examining the general rule thot assigns the burden of proof to the plaintiff, as well as the exceptional circumstances involving the shifting of the burden of proof Furthermore, it explores the scenarios in which the defendant must justify the retention of the payment to rebut the claim far restitution, offering o comprehensive overview of the evidentiary dynamics in unjust enrichment disputes. aCARGA DE LA PRUEBA953041 aPAGO POR ERROR953042 aENRIQUECIMIENTO INDEBIDO953043 aBURDEN OF PROOF 953044 aPAYMENT BY MISTAKE 953045 aUNJUST ENRICHMENT9530460 022573922621dLima Grupo Praxis Formación Profesional, 2026-oPRA002tPraxis Civil & Procesal CivilwESSALUDx3119-7671 cARTICULOSe2026-07-01zsqb c22592d22592